Statistiques concernant Les plus gros partenaires commerciaux - Chypre

Cliquez ici pour prendre le quiz!

Statistiques générales

  • Ce quiz a été pris 87 fois
  • Le résultat moyen est 19 sur 25

Statistiques - réponses

exportationsimportationspays% Correct
311 milFrance
99%
239 mil1404 milGrèce
98%
227 milEspagne
94%
42,2 mil1076 milAllemagne
93%
53,5 mil136 milEtats-Unis
93%
42,3 mil268 milChine
91%
50,2 milÉgypte
91%
437 milItalie
90%
84,3 milRussie
90%
147 mil427 milRoyaume-Uni
88%
67,8 milJapon
84%
115 mil258 milIsraël
83%
243 milPays-Bas
76%
40,0 milArabie Saoudite
74%
64,5 milInde
74%
40,0 milLiban
74%
41,1 milSuisse
70%
34,1 milAlgérie
69%
69,5 milRoumanie
69%
232 milBelgique
65%
145 milLibye
63%
28,0 milSuède
63%
44,0 mil69,3 milÉmirats arabes unis
61%
43,3 milTchèquie
38%
43,6 milSlovaquie
26%

Distribution des résultats

Percentile par nombre de réponses

% des personnes avec chaque résultat

Votre développement - résultats

Vous n’avez pas pris ce quiz